Vztah účetnictví a daní. Reforma účetní soustavy. 2.

Analýza vzťahov medzi účtovníctvom a daňou z príjmov. Dvojaké základné zameranie účtovníctva: zobraziť majetkovú, dôchodkovú a finančnú situáciu podniku a rešpektovať požiadavky daňového práva, osobitne dane z príjmov. Čs. zákon o účtovníctve 563/1991 Zb. stanoví i povinnosť verného zobrazenia. Tri...

ver descrição completa

Na minha lista:
Detalhes bibliográficos
Autor principal: Schroll, R.
Formato: Capítulo de Livro
Idioma:tcheco
Assuntos:
Tags: Adicionar Tag
Sem tags, seja o primeiro a adicionar uma tag!

MARC

LEADER 00000naa a2200000 4500
001 r010664
005 20220831084227.6
041 0 |a cze 
044 |a [CS] 
245 1 0 |a Vztah účetnictví a daní.  |b Reforma účetní soustavy. 2.  |c R. Schroll 
520 |a Analýza vzťahov medzi účtovníctvom a daňou z príjmov. Dvojaké základné zameranie účtovníctva: zobraziť majetkovú, dôchodkovú a finančnú situáciu podniku a rešpektovať požiadavky daňového práva, osobitne dane z príjmov. Čs. zákon o účtovníctve 563/1991 Zb. stanoví i povinnosť verného zobrazenia. Tri základné vzťahy medzi účtovníctvom a daňou z príjmov. Účtovná osnova a účtovná uzávierka. Ostatné daňové požiadavky na účtovníctvo. 
610 2 0 |a účtovníctvo 
610 2 0 |a dane 
610 2 0 |a dane z príjmov 
610 2 0 |a zákony 
610 2 0 |a ČSFR 
610 2 0 |a 1991 
610 2 0 |a uzávierka účtovná 
610 2 0 |a osnova účtová 
100 1 |a Schroll, R.